000 01947cam a2200433 i 4500
999 _c57489
_d57489
001 19854385
005 20221105210404.0
008 170727s2018 nyua bf 001 0 eng
010 _a 2017035590
020 _a9781620701164 (paperback) 1
035 _a(DNLM)101710150
040 _aDNLM/DLC
_cDLC
_erda
_dDLC
041 _aeng
042 _apcc
050 0 0 _aRM700
_b.P468 2018
060 1 0 _aWB 39
080 _a615.8 P-59
082 0 0 _a615.8/2
_223
130 0 _aPhysical medicine & rehabilitation pocketpedia.
_98820
245 1 0 _aPhysical medicine and rehabilitation pocketpedia /
_ceditors, Matthew Shatzer, DO, Residency Program Director, Assistant Professor, Department of Physical Medicine and Rehabilitation, Donald and Barbara Zucker School of Medicine at Hofstra-Northwell, Hempstead, New York, Howard Choi, MD, Assistant Clinical Professor of Rehabilitation Medicine, Icahn School of Medicine of Mount Sinai, New York, New York.
250 _aThird edition.
264 1 _aNew York :
_bDemos Medical, an imprint of Springer Publishing,
_c[2018]
300 _aix, 316 pages :
_billustrations ;
_c19 cm.
336 _atext
_2rdacontent
337 _aunmediated
_2rdamedia
338 _avolume
_2rdacarrier
500 _aPreceded by: Physical medicine & rehabilitation pocketpedia. 2nd ed. / [edited by] Matthew M. Shatzer.
504 _aIncludes bibliographical references and index.
650 1 2 _aPhysical Therapy Modalities
_98821
650 2 2 _aRehabilitation
_xmethods
_98417
653 _aმედიცინა
653 _aფიზიკური მედიცინა
655 2 _aHandbooks
_98822
700 1 _aShatzer, Matthew M.,
_eრედაქტორი
_98823
700 1 _aChoi, Howard,
_eრედაქტორი
_98824
906 _a7
_bcbc
_corignew
_d1
_eecip
_f20
_gy-gencatlg
942 _2udc
_cBK
955 _axn11 2018-10-23 1 copy rec'd., to CIP ver.
_arl00 2018-10-29 to SMA